| 000 | 00777nam a2200229Ia 4500 | ||
|---|---|---|---|
| 001 | 8805 | ||
| 003 | GE_BSU | ||
| 008 | 181216s||||||||xx |||||||||||||| ||und|| | ||
| 040 | _cGE_BSU | ||
| 080 | _a821.353.1-31 | ||
| 100 | _aკალანდაძე,ალექსანდრე | ||
| 245 | _aსახიფათო მოსახვევები | ||
| 245 | _bრომანი | ||
| 245 | _cრედ:გურამ გვერდწითელი;მხატვ:ჯ.ზენაიშვილი | ||
| 260 | _aთბილისი. | ||
| 260 | _bმერანი. | ||
| 260 | _c1990. | ||
| 300 | _a430გვ;ილ;21სმ | ||
| 653 | _aრომანი. | ||
| 653 | _aსახიფათო მოსახვევები | ||
| 942 | _cBK | ||
| 999 |
_c42114 _d42114 |
||